00315nam a2200121Ia 45000030006000000080041000060400015000471000026000622450045000882600031001335460012001640050017001760STCL150530s9999 xx 000 0 und d aSTCLcSTCL aThomas Satyamurti, S. aDescriptive catalogue of the butterflies bGovernment of Madrasc1966 aEnglish20220125170503.0